000 00492nam a2200169Ia 4500
999 _c19655
_d19655
003 OSt
005 20200701120546.0
008 190216s9999||||xx |||||||||||||| ||und||
040 _coclc
082 _a903.21
_bPAL/P
100 _aPalmer, Alan
_93362
245 4 _aThe Penguin Dictionary Of Modern History 1789-1945 /
_cAlan Palmer
260 _bPenguin Books,
_c1985.
300 _a318p
650 _aWorld History
942 _cBK
_2ddc
_h903.21
_iPAL/P
_k903.21
_mPAL/P